| 000 | 00873cab a2200229 4500 | ||
|---|---|---|---|
| 001 | WB3229-06 | ||
| 008 | 090401t1996 xxu||||| |||| 00| 0 eng d | ||
| 035 | _a(Sirsi) u60381 | ||
| 041 | _aeng | ||
| 245 | _aAnthrax outbreak stalls construction | ||
| 260 | _c1996 | ||
| 350 | _a0 | ||
| 490 |
_aTimes _v22 July 1996, 9(1) |
||
| 520 | _aFears over an anthrax outbreak have been raised as spores of the bacteria have been disturbed on a farm in Wiltshire resulting in the death of three cattle so far. Work on a major housing development has been halted as concern is expressed that soil disturbance could release more spores thought to come from buried hides near a former tannery. | ||
| 650 | _aANTHRAX | ||
| 650 | _aBACTERIA | ||
| 650 | _aNEW HOMES | ||
| 650 | _aTANNERY | ||
| 690 | _aBUILT ENVIRONMENT-BUILDING STANDARDS | ||
| 942 | _n0 | ||
| 948 | _c04/03/1997 | ||
| 999 |
_c37224 _d37224 |
||